| 000 | 01136nam a2200265 i 4500 | ||
|---|---|---|---|
| 001 | 145496 | ||
| 003 | ES-MaACL | ||
| 005 | 20230906201238.0 | ||
| 007 | t| | ||
| 008 | 070214m19751978fr b 001 0 fre d | ||
| 020 | _a2-222-01716-5 | ||
| 080 | _a821.134.2-14"13/15":016 | ||
| 080 | _a016:821.134.2-14"13/15" | ||
| 100 | 1 |
_aSteunou, Jacqueline. _9108147 |
|
| 245 | 1 | 0 |
_aBibliografía de los cancioneros castellanos del siglo XV y repertorio de sus géneros poéticos / _cpar Jacqueline Steunou et Lothar Knapp. |
| 260 |
_aParis : _bCentre National de la Recherche Scientifique, _c1975-1978. |
||
| 300 |
_a2 v. ; _c28 cm. |
||
| 490 | 1 |
_aDocuments, études et répertoires / publiés par l'Institut de Recherche et d'Histoire des Textes ; _v22 |
|
| 650 | 4 |
_aPoesía lírica española- _yHasta S.XV- _vBibliografías. _9162978 |
|
| 700 | 1 |
_aKnapp, Lothar. _968320 |
|
| 710 | 2 |
_aInstitut de recherche et d'histoire des textes (París) _9162979 |
|
| 830 | 1 |
_aDocuments, études et répertoires / publiés par l'Institut de Recherche et d'Histoire des Textes ; _v22 _9220772 |
|
| 852 | 4 |
_aES-MaACL _jP-1462 |
|
| 999 |
_c145496 _d145496 |
||